000 02010nam a2200493 i 4500
001 193011
003 SpMaBN
005 20250727153018.0
007 ta
008 230722s2006 sp a | ||||o001 0 spa
015 _aMON0703-12551
016 7 _abimoBNE20070138697
_2SpMaBN
017 _aM 42300-2006
_bOficina Depósito Legal Madrid
020 _a8488699913
024 7 _aNIPO 552-06-021-X
_2nipo
035 _a(OCoLC)85532490
035 _aMimo0002164384
040 _aSpMaBN
_bspa
_cSpMaBN
_erdc
_dES-MaACL
080 _a017.1(460.27 M.)
080 _a016:929 Estelrich, Juan Luis
080 _a017
_2summary
110 2 _aBiblioteca Nacional (España)
_92188
245 1 0 _aJoan Lluís Estelrich i Perelló :
_binventario de su archivo personal /
_c[dirección, Julián Martín Abad ; elaboración del inventario, introducción e índices, María José Rucio Zamorano].
260 _aMadrid :
_bBiblioteca Nacional,
_c2006.
300 _a93 p. :
_bil. ;
_c25 cm
336 _aTexto (visual)
_2isbdcontent
337 _asin mediación
_2isbdmedia
338 _2rdacarrier
_avolumen
490 1 _aColecciones singulares de la Biblioteca Nacional ;
_v9
500 _aÍndices
500 _aCatalogación provisional. Signatura: N 8520. Depósito J.
600 0 _aEstelrich, Juan Luis,
_d1856-1923-
_xArchivo-
_vCatálogos
_9233799
610 2 4 _aBiblioteca Nacional (España)-
_vCatálogos
_92189
700 1 _aMartín Abad, Julián,
_d1946-
_977380
700 1 _aRucio Zamorano, María José,
_d1966-
_9233800
830 0 _aColecciones singulares de la Biblioteca Nacional
_v9
_9223745
852 _aES-MaACL
_9200317
_bR.153412
_jN-8520
_cDEPOJ
_xDonación: Biblioteca Nacional de España
914 _aBiblioteca Nacional (España)
_ednr
_q1
_92188
942 _cMONOGRAFIA
_n0
999 _c193011
_d193011